[Event "Open Internacional Sant Marti 2023"]
[Site "?"]
[Date "2023.07.18"]
[Round "6.1"]
[White "Berdayes Ason, Dylan Isidro"]
[Black "Dahale, Atul"]
[Result "1/2-1/2"]
[BlackElo "2150"]
[WhiteElo "2509"]
[LiveChessVersion "1.4.8"]

1. d4 {[%clk 1:31:24]} Nf6 2. c4 {[%clk 1:31:49]} g6 {[%clk 1:25:02]} 3. Nc3
{[%clk 1:32:15]} Bg7 {[%clk 1:24:43]} 4. e4 {[%clk 1:32:43]} d6 {[%clk 1:25:04]}
5. h3 {[%clk 1:33:10]} O-O {[%clk 1:24:49]} 6. Be3 {[%clk 1:33:37]} e5
{[%clk 1:20:57]} 7. d5 {[%clk 1:34:04]} a5 {[%clk 1:17:13]} 8. g4
{[%clk 1:30:30]} Na6 {[%clk 1:02:32]} 9. Nge2 {[%clk 1:30:11]} c6
{[%clk 1:01:43]} 10. Ng3 {[%clk 1:26:00]} Nc5 11. Be2 cxd5 {[%clk 1:01:07]} 12.
cxd5 {[%clk 1:26:26]} a4 {[%clk 0:58:22]} 13. Qd2 {[%clk 1:22:57]} Qa5
{[%clk 0:55:45]} 14. g5 {[%clk 1:20:21]} Nfd7 15. Nb5 {[%clk 1:20:24]} Qb6
{[%clk 0:51:42]} 16. Rc1 {[%clk 1:19:32]} f5 {[%clk 0:48:30]} 17. gxf6
{[%clk 1:19:27]} Rxf6 {[%clk 0:47:36]} 18. h4 {[%clk 1:19:04]} Bf8
{[%clk 0:47:08]} 19. h5 Qa5 {[%clk 0:47:31]} 20. Qxa5 {[%clk 1:09:02]} Rxa5 21.
b4 {[%clk 1:04:24]} axb3 {[%clk 0:47:55]} 22. axb3 Ra8 {[%clk 0:48:04]} 23. b4
{[%clk 0:55:49]} Nb3 24. Rb1 Nd4 {[%clk 0:47:49]} 25. Nxd4 {[%clk 0:56:35]} exd4
{[%clk 0:48:13]} 26. Bxd4 {[%clk 0:56:49]} Ne5 {[%clk 0:47:58]} 27. hxg6
{[%clk 0:54:43]} hxg6 {[%clk 0:44:34]} 28. Kf1 {[%clk 0:54:48]} Bg7
{[%clk 0:44:11]} 29. Kg2 {[%clk 0:33:20]} Rf7 30. Ra1 {[%clk 0:33:46]} Rxa1
{[%clk 0:43:59]} 31. Rxa1 {[%clk 0:34:12]} Nd3 {[%clk 0:39:59]} 32. Bxg7
{[%clk 0:34:41]} Rxf2+ {[%clk 0:32:38]} 33. Kg1 Bh3 {[%clk 0:32:27]} 34. Bxd3
{[%clk 0:14:23]} Rg2+ {[%clk 0:32:39]} 35. Kh1 {[%clk 0:12:29]} Rxg3
{[%clk 0:32:24]} 36. Bh6 {[%clk 0:12:20]} Rxd3 {[%clk 0:31:23]} 37. Ra8+
{[%clk 0:10:47]} Kh7 {[%clk 0:30:34]} 38. Bf4 {[%clk 0:08:48]} Bg4
{[%clk 0:30:31]} 39. Re8 {[%clk 0:08:57]} Bf3+ {[%clk 0:30:41]} 40. Kh2
{[%clk 0:08:44]} Rd4 {[%clk 0:29:47]} 41. Bxd6 {[%clk 0:08:41]} Rxe4
{[%clk 0:28:25]} 42. Be5 {[%clk 0:07:49]} g5 {[%clk 0:27:57]} 43. d6
{[%clk 0:07:38]} Re2+ {[%clk 0:28:07]} 44. Kg3 {[%clk 0:04:04]} Bc6 45. Re6
{[%clk 0:04:31]} Rg2+ {[%clk 0:27:40]} 46. Kh3 Bd7 1/2-1/2

[Event "Open Internacional Sant Marti 2023"]
[Site "?"]
[Date "2023.07.18"]
[Round "6.2"]
[White "Alcala Gonzalez, Cesar"]
[Black "Escalante Ramirez, Brian Sebasti"]
[Result "0-1"]
[BlackElo "2488"]
[WhiteElo "2329"]
[LiveChessVersion "1.4.8"]

1. d4 {[%clk 1:30:57]} d5 {[%clk 1:30:40]} 2. c4 {[%clk 1:31:19]} e6
{[%clk 1:30:35]} 3. Nc3 {[%clk 1:31:46]} Nf6 {[%clk 1:30:48]} 4. cxd5
{[%clk 1:32:01]} exd5 {[%clk 1:31:07]} 5. Bg5 {[%clk 1:32:26]} c6
{[%clk 1:31:29]} 6. Qc2 {[%clk 1:32:04]} Bd6 {[%clk 1:31:50]} 7. e3
{[%clk 1:30:37]} O-O {[%clk 1:32:14]} 8. Bd3 {[%clk 1:30:58]} h6 {[%clk 1:32:41]}
9. Bh4 {[%clk 1:31:23]} Re8 {[%clk 1:33:06]} 10. Nge2 {[%clk 1:24:07]} b5
{[%clk 1:33:32]} 11. h3 {[%clk 1:22:51]} Na6 {[%clk 1:33:58]} 12. a3
{[%clk 1:19:06]} b4 {[%clk 1:34:25]} 13. Na4 {[%clk 1:15:15]} bxa3
{[%clk 1:34:52]} 14. bxa3 {[%clk 1:15:22]} Qa5+ {[%clk 1:35:18]} 15. Nec3
{[%clk 1:14:42]} g5 {[%clk 1:35:23]} 16. Bg3 {[%clk 1:13:48]} Bxg3
{[%clk 1:35:50]} 17. fxg3 {[%clk 1:14:09]} Rxe3+ {[%clk 1:36:17]} 18. Kf2
{[%clk 1:13:35]} Re6 {[%clk 1:36:45]} 19. Rhe1 {[%clk 1:10:49]} c5
{[%clk 1:36:28]} 20. Bxa6 {[%clk 0:23:49]} cxd4 {[%clk 1:36:51]} 21. Bxc8
{[%clk 0:24:12]} Rxe1 {[%clk 1:37:17]} 22. Rxe1 {[%clk 0:24:40]} Rxc8
{[%clk 1:37:43]} 23. Qf5 {[%clk 0:25:03]} Rc6 {[%clk 1:38:11]} 24. h4
{[%clk 0:25:02]} dxc3 {[%clk 1:37:06]} 0-1

[Event "Open Internacional Sant Marti 2023"]
[Site "?"]
[Date "2023.07.18"]
[Round "6.3"]
[White "Arenas, David"]
[Black "Jimenez Garcia, Emmanuel"]
[Result "1-0"]
[BlackElo "2437"]
[WhiteElo "2418"]
[LiveChessVersion "1.4.8"]

1. e4 {[%clk 1:30:58]} d6 {[%clk 1:28:26]} 2. d4 {[%clk 1:31:20]} Nf6
{[%clk 1:28:52]} 3. Nc3 {[%clk 1:31:38]} e5 {[%clk 1:29:17]} 4. dxe5
{[%clk 1:32:00]} dxe5 {[%clk 1:29:44]} 5. Qxd8+ {[%clk 1:32:51]} Kxd8
{[%clk 1:30:41]} 6. Bc4 {[%clk 1:33:13]} Ke8 {[%clk 1:31:09]} 7. f3
{[%clk 1:29:39]} a6 {[%clk 1:28:36]} 8. Be3 {[%clk 1:28:02]} Nbd7 9. O-O-O c6
{[%clk 1:19:38]} 10. Nh3 {[%clk 1:08:29]} b5 {[%clk 1:19:31]} 11. Bb3
{[%clk 1:08:41]} Bc5 12. Rhe1 Bxe3+ {[%clk 1:18:53]} 13. Rxe3 {[%clk 0:59:35]}
Nc5 {[%clk 1:19:06]} 14. Nf2 a5 {[%clk 1:09:05]} 15. Nd3 {[%clk 1:00:07]} Nfd7
{[%clk 1:04:58]} 16. a3 Ba6 17. Nxc5 {[%clk 0:50:09]} Nxc5 {[%clk 0:54:22]} 18.
Rd6 {[%clk 0:51:01]} Rc8 {[%clk 0:53:37]} 19. Re1 {[%clk 0:51:21]} Ke7
{[%clk 0:46:18]} 20. Red1 {[%clk 0:50:54]} f6 {[%clk 0:44:46]} 21. R1d2 Rc7
{[%clk 0:34:21]} 22. Nd1 {[%clk 0:50:23]} Bc8 {[%clk 0:33:15]} 23. Ne3
{[%clk 0:50:02]} g6 24. Rd1 Be6 {[%clk 0:29:01]} 25. Bxe6 {[%clk 0:46:06]} Nxe6
{[%clk 0:29:29]} 26. R6d2 {[%clk 0:46:09]} h5 27. h4 {[%clk 0:45:26]} Rd8
{[%clk 0:25:10]} 28. Rxd8 {[%clk 0:45:26]} Nxd8 29. a4 bxa4 {[%clk 0:22:57]} 30.
Rd3 {[%clk 0:43:38]} Rd7 {[%clk 0:18:54]} 31. Ra3 {[%clk 0:43:45]} Nb7
{[%clk 0:14:17]} 32. Rxa4 Rd4 {[%clk 0:14:17]} 33. Rxd4 {[%clk 0:26:02]} exd4
{[%clk 0:14:41]} 34. Nc4 a4 {[%clk 0:13:17]} 35. Kd2 {[%clk 0:26:28]} Nc5
{[%clk 0:12:22]} 36. c3 {[%clk 0:26:40]} dxc3+ {[%clk 0:10:31]} 37. Kxc3 Ke6 38.
Kd4 {[%clk 0:25:31]} Nb3+ {[%clk 0:08:04]} 39. Ke3 {[%clk 0:25:54]} g5 40. hxg5
{[%clk 0:17:06]} fxg5 {[%clk 0:07:35]} 41. Nb6 {[%clk 0:17:22]} Nc5
{[%clk 0:07:07]} 42. Kd4 {[%clk 0:17:16]} Nb3+ {[%clk 0:07:06]} 43. Kd3 Ke5
{[%clk 0:03:51]} 44. Nxa4 {[%clk 0:17:30]} Kf4 {[%clk 0:02:13]} 45. Kc3
{[%clk 0:16:22]} Nc1 {[%clk 0:02:06]} 46. Nc5 {[%clk 0:16:02]} Kg3 47. Kd2
{[%clk 0:12:07]} Kxg2 {[%clk 0:01:17]} 48. e5 h4 49. e6 {[%clk 0:13:06]} h3
{[%clk 0:01:47]} 50. e7 {[%clk 0:13:33]} h2 {[%clk 0:02:14]} 51. e8=Q
{[%clk 0:14:01]} h1=Q {[%clk 0:02:37]} 52. Qe3 Na2 53. Qxg5+ {[%clk 0:13:23]} Kf1
{[%clk 0:01:52]} 54. Qg3 {[%clk 0:11:51]} Qh6+ {[%clk 0:01:51]} 55. f4
{[%clk 0:12:08]} Qh5 {[%clk 0:00:43]} 56. Qe1+ {[%clk 0:12:03]} Kg2
{[%clk 0:01:11]} 57. Qe2+ {[%clk 0:09:42]} Qxe2+ {[%clk 0:01:39]} 58. Kxe2
{[%clk 0:10:09]} Nb4 {[%clk 0:01:55]} 59. f5 Nd5 {[%clk 0:01:01]} 60. Nd7
{[%clk 0:10:27]} Nf4+ {[%clk 0:00:33]} 61. Ke3 {[%clk 0:10:53]} Nh3
{[%clk 0:00:43]} 62. f6 {[%clk 0:11:12]} Ng5 {[%clk 0:01:11]} 63. Kf4
{[%clk 0:11:14]} Nf7 {[%clk 0:01:23]} 64. Ne5 {[%clk 0:11:33]} Nd8 65. f7
{[%clk 0:11:08]} Kf2 {[%clk 0:02:09]} 66. Ke4 {[%clk 0:10:59]} Ne6
{[%clk 0:02:30]} 67. Kf5 {[%clk 0:11:07]} Nf8 {[%clk 0:02:58]} 68. Nxc6
{[%clk 0:11:30]} 1-0

[Event "Open Internacional Sant Marti 2023"]
[Site "?"]
[Date "2023.07.18"]
[Round "6.4"]
[White "Macovei, Andrei"]
[Black "Narciso Dublan, Marc"]
[Result "1-0"]
[BlackElo "2424"]
[WhiteElo "2436"]
[LiveChessVersion "1.4.8"]

1. e4 {[%clk 1:27:06]} Nf6 {[%clk 1:30:23]} 2. e5 {[%clk 1:26:48]} Nd5
{[%clk 1:30:43]} 3. d4 {[%clk 1:27:13]} d6 {[%clk 1:31:01]} 4. c4
{[%clk 1:27:39]} Nb6 {[%clk 1:31:22]} 5. f4 {[%clk 1:28:05]} g6 {[%clk 1:30:48]}
6. Nc3 {[%clk 1:27:57]} Bg7 {[%clk 1:31:04]} 7. Be3 {[%clk 1:28:25]} Be6
{[%clk 1:31:18]} 8. b3 {[%clk 1:25:54]} O-O 9. Be2 {[%clk 1:23:43]} dxe5
{[%clk 1:29:01]} 10. fxe5 {[%clk 1:23:27]} c5 {[%clk 1:24:29]} 11. d5
{[%clk 1:23:45]} Bxe5 {[%clk 1:21:52]} 12. Rc1 {[%clk 1:23:54]} Bf5
{[%clk 1:19:20]} 13. Nf3 {[%clk 1:17:19]} Bg7 {[%clk 0:48:13]} 14. Bxc5
{[%clk 1:06:32]} Bh6 {[%clk 0:33:21]} 15. Ra1 Bg4 {[%clk 0:33:05]} 16. O-O
{[%clk 1:06:12]} a5 17. Ne5 Bxe2 {[%clk 0:32:47]} 18. Qxe2 {[%clk 1:01:39]} Na6
19. Ng4 Nxc5 {[%clk 0:27:25]} 20. Nxh6+ {[%clk 0:54:07]} Kg7 {[%clk 0:26:32]} 21.
Nxf7 {[%clk 0:53:07]} Rxf7 {[%clk 0:26:57]} 22. Rxf7+ {[%clk 0:53:07]} Kxf7
{[%clk 0:22:28]} 23. Qf2+ Ke8 {[%clk 0:22:51]} 24. Qxc5 {[%clk 0:52:21]} Nd7 25.
Qa3 {[%clk 0:50:04]} Qb6+ {[%clk 0:21:33]} 26. Kh1 {[%clk 0:48:26]} Qd4
{[%clk 0:10:40]} 27. Qc1 Nf6 28. Nb5 {[%clk 0:43:35]} Qe5 {[%clk 0:10:55]} 29.
Qe1 Qxe1+ {[%clk 0:10:25]} 30. Rxe1 {[%clk 0:44:31]} Kd7 {[%clk 0:10:45]} 31. Nc3
{[%clk 0:44:01]} Rf8 {[%clk 0:06:01]} 32. Kg1 {[%clk 0:41:53]} Kd8
{[%clk 0:02:11]} 33. Rf1 {[%clk 0:41:25]} Ke8 34. h3 h5 {[%clk 0:01:51]} 35. Rf3
{[%clk 0:41:38]} g5 {[%clk 0:02:06]} 36. Re3 {[%clk 0:36:50]} Kd8
{[%clk 0:00:32]} 37. Ne2 h4 {[%clk 0:00:42]} 38. Nd4 {[%clk 0:36:37]} Rg8
{[%clk 0:00:47]} 39. Nf5 {[%clk 0:36:07]} g4 {[%clk 0:00:39]} 40. Nxh4
{[%clk 0:32:44]} b5 {[%clk 0:00:38]} 41. Kf2 {[%clk 0:33:10]} gxh3 42. gxh3 bxc4
{[%clk 0:00:41]} 43. bxc4 {[%clk 0:33:39]} Nd7 {[%clk 0:00:58]} 44. Ra3
{[%clk 0:29:51]} Rf8+ {[%clk 0:00:47]} 45. Kg3 Nb6 46. Rxa5 {[%clk 0:29:54]} Kd7
{[%clk 0:01:12]} 47. Rc5 {[%clk 0:24:35]} Ra8 48. Rc6 Ra3+ {[%clk 0:00:57]} 49.
Kg4 {[%clk 0:24:56]} Na8 {[%clk 0:01:19]} 50. Ng6 {[%clk 0:21:30]} Rxa2
{[%clk 0:01:41]} 51. Nf8+ {[%clk 0:21:30]} Kd8 52. Ne6+ {[%clk 0:22:06]} Kd7
{[%clk 0:02:07]} 53. h4 {[%clk 0:22:10]} Rb2 54. h5 {[%clk 0:22:15]} Nb6
{[%clk 0:00:55]} 55. h6 Nxc4 {[%clk 0:01:02]} 56. Rxc4 {[%clk 0:22:28]} Kd6 57.
Nf4 Kxd5 1-0

[Event "Open Internacional Sant Marti 2023"]
[Site "?"]
[Date "2023.07.18"]
[Round "6.5"]
[White "Perpinya Rofes, Lluis Maria"]
[Black "Asis Gargatagli, Hipolito"]
[Result "0-1"]
[BlackElo "2530"]
[WhiteElo "2269"]
[LiveChessVersion "1.4.8"]

1. e4 {[%clk 1:30:50]} c5 {[%clk 1:30:55]} 2. Nf3 {[%clk 1:31:03]} d6
{[%clk 1:31:17]} 3. d4 {[%clk 1:31:24]} cxd4 {[%clk 1:31:42]} 4. Nxd4
{[%clk 1:31:48]} Nf6 {[%clk 1:32:06]} 5. Nc3 {[%clk 1:32:04]} a6 6. Be2 e5
{[%clk 1:32:51]} 7. Nb3 {[%clk 1:32:15]} Be7 {[%clk 1:33:13]} 8. O-O
{[%clk 1:32:52]} O-O {[%clk 1:33:50]} 9. Kh1 {[%clk 1:22:13]} Re8
{[%clk 1:33:44]} 10. Be3 {[%clk 1:12:08]} Be6 {[%clk 1:31:58]} 11. f3
{[%clk 1:05:11]} Nbd7 {[%clk 1:30:34]} 12. a4 {[%clk 1:02:15]} Qc7
{[%clk 1:30:35]} 13. a5 {[%clk 0:56:41]} Qc6 14. Qd2 d5 {[%clk 1:22:59]} 15. exd5
{[%clk 0:56:36]} Nxd5 {[%clk 1:23:10]} 16. Nxd5 {[%clk 0:56:58]} Bxd5
{[%clk 1:22:10]} 17. c4 {[%clk 0:48:09]} Be6 {[%clk 1:20:49]} 18. f4
{[%clk 0:41:13]} exf4 {[%clk 0:37:55]} 19. Bxf4 {[%clk 0:37:10]} Bf6
{[%clk 0:38:07]} 20. Nd4 {[%clk 0:37:25]} Bxd4 {[%clk 0:38:19]} 21. Qxd4
{[%clk 0:17:20]} Bf5 {[%clk 0:37:04]} 22. Bf3 {[%clk 0:15:01]} Be4
{[%clk 0:30:36]} 23. Rad1 {[%clk 0:10:12]} Nf8 {[%clk 0:30:27]} 24. Be5
{[%clk 0:10:36]} Bxf3 {[%clk 0:20:49]} 25. Rxf3 {[%clk 0:10:24]} f6
{[%clk 0:21:12]} 26. Bg3 {[%clk 0:07:39]} Ne6 {[%clk 0:14:21]} 27. Qg4
{[%clk 0:06:43]} Nf8 {[%clk 0:14:45]} 28. Rfd3 {[%clk 0:05:14]} Re4
{[%clk 0:13:46]} 29. Qf3 {[%clk 0:02:52]} Rxc4 {[%clk 0:11:33]} 30. Rb3
{[%clk 0:01:39]} Rc1 31. Rg1 Rxg1+ {[%clk 0:08:39]} 32. Kxg1 {[%clk 0:02:04]}
Qc1+ {[%clk 0:09:05]} 33. Qf1 {[%clk 0:02:22]} Qc2 {[%clk 0:09:39]} 34. Rxb7
{[%clk 0:01:25]} Rd8 {[%clk 0:10:07]} 35. Re7 Qc5+ 0-1

[Event "Open Internacional Sant Marti 2023"]
[Site "?"]
[Date "2023.07.18"]
[Round "6.6"]
[White "Shyaamnikhil, P"]
[Black "Jimenez Munoz, Nicolas"]
[Result "1-0"]
[BlackElo "2204"]
[WhiteElo "2473"]
[LiveChessVersion "1.4.8"]

1. Nf3 {[%clk 1:30:54]} Nf6 {[%clk 1:09:03]} 2. g3 {[%clk 1:30:58]} g6
{[%clk 1:09:29]} 3. Bg2 {[%clk 1:31:24]} Bg7 {[%clk 1:09:52]} 4. O-O
{[%clk 1:31:48]} O-O {[%clk 1:10:10]} 5. d4 {[%clk 1:32:12]} d6 {[%clk 1:09:53]}
6. a4 {[%clk 1:32:29]} a5 {[%clk 1:10:04]} 7. Re1 {[%clk 1:29:24]} Nc6 8. d5 Nb4
{[%clk 1:10:28]} 9. e4 {[%clk 1:29:48]} e5 {[%clk 1:11:08]} 10. dxe6
{[%clk 1:24:07]} Bxe6 {[%clk 1:09:10]} 11. Nd4 Bg4 {[%clk 1:09:38]} 12. f3
{[%clk 1:23:32]} Bd7 {[%clk 1:07:24]} 13. c3 {[%clk 1:19:28]} Nc6
{[%clk 1:06:13]} 14. Na3 {[%clk 1:16:00]} Re8 {[%clk 0:55:31]} 15. Nac2
{[%clk 1:06:09]} Qc8 {[%clk 0:50:08]} 16. Nb5 {[%clk 1:00:12]} Nb8 17. Be3
{[%clk 1:00:28]} Na6 {[%clk 0:49:43]} 18. Qd2 {[%clk 0:55:22]} Bh3 19. Bd4
{[%clk 0:55:42]} Bxg2 {[%clk 0:40:11]} 20. Kxg2 {[%clk 0:49:39]} Qe6
{[%clk 0:34:18]} 21. Bf2 {[%clk 0:48:10]} Rad8 {[%clk 0:31:21]} 22. Rad1
{[%clk 0:47:53]} Nd7 {[%clk 0:31:12]} 23. Ncd4 {[%clk 0:47:25]} Qe7
{[%clk 0:30:25]} 24. Nb3 {[%clk 0:30:22]} Ndc5 25. Nxa5 {[%clk 0:30:32]} Nxa4
{[%clk 0:28:45]} 26. Ra1 {[%clk 0:27:04]} Qd7 {[%clk 0:26:01]} 27. Nd4
{[%clk 0:27:24]} c5 {[%clk 0:21:05]} 28. Ndc6 Ra8 {[%clk 0:21:32]} 29. Rxa4
{[%clk 0:22:07]} Nb8 {[%clk 0:21:34]} 30. Rea1 {[%clk 0:19:22]} Nxc6
{[%clk 0:18:54]} 31. Bxc5 {[%clk 0:18:45]} Re5 {[%clk 0:18:17]} 32. Nxc6
{[%clk 0:19:08]} Rxa4 33. Rxa4 Qxc6 {[%clk 0:17:35]} 34. Ra8+ {[%clk 0:19:01]}
Re8 {[%clk 0:18:04]} 35. Rxe8+ {[%clk 0:19:24]} Qxe8 {[%clk 0:18:44]} 36. Bxd6
{[%clk 0:14:51]} h5 37. Bc5 {[%clk 0:15:01]} Qb5 {[%clk 0:17:33]} 38. Bd4
{[%clk 0:14:27]} Bf8 {[%clk 0:16:55]} 39. h4 {[%clk 0:13:16]} Qb3
{[%clk 0:15:35]} 40. Qe2 {[%clk 0:12:49]} b5 {[%clk 0:13:34]} 41. Kh2
{[%clk 0:12:55]} Bh6 {[%clk 0:13:16]} 42. f4 {[%clk 0:12:55]} Kh7
{[%clk 0:13:16]} 43. Kg2 {[%clk 0:12:47]} Qe6 {[%clk 0:12:44]} 44. Qxb5
{[%clk 0:11:19]} Qxe4+ {[%clk 0:12:36]} 45. Kf2 {[%clk 0:11:41]} Qh1
{[%clk 0:11:34]} 46. Qf1 {[%clk 0:12:01]} Qd5 {[%clk 0:11:13]} 47. b4
{[%clk 0:11:22]} Bf8 48. Qd3 Bg7 {[%clk 0:08:58]} 49. Qe3 {[%clk 0:11:23]} Qa2+
{[%clk 0:08:45]} 50. Kf3 Qd5+ 51. Qe4 {[%clk 0:11:47]} Qc4 {[%clk 0:07:36]} 52.
Bxg7 {[%clk 0:10:55]} Qf1+ {[%clk 0:08:04]} 53. Ke3 {[%clk 0:11:19]} Kxg7
{[%clk 0:08:30]} 54. Qf3 {[%clk 0:09:38]} Qc4 {[%clk 0:08:24]} 55. Kd2 Qa2+
{[%clk 0:06:43]} 56. Kd3 {[%clk 0:10:09]} Qa6+ 57. Kd4 {[%clk 0:10:02]} Qf6+
{[%clk 0:05:55]} 58. Kc4 {[%clk 0:08:34]} Qe6+ 59. Qd5 {[%clk 0:08:42]} Qg4
{[%clk 0:05:11]} 60. Qe5+ {[%clk 0:06:51]} Kg8 {[%clk 0:05:20]} 61. Qe3
{[%clk 0:06:51]} Qc8+ {[%clk 0:05:36]} 62. Kb3 {[%clk 0:07:13]} Qd7
{[%clk 0:06:00]} 63. c4 {[%clk 0:07:27]} Qd1+ {[%clk 0:06:22]} 64. Kb2 Qa4
{[%clk 0:06:09]} 65. Qc3 {[%clk 0:08:15]} Qc6 66. b5 {[%clk 0:08:23]} Qb6
{[%clk 0:06:10]} 67. Kb3 {[%clk 0:08:34]} Qc5 {[%clk 0:06:31]} 68. Ka4 Qa7+
{[%clk 0:06:57]} 69. Kb4 {[%clk 0:07:57]} Qe7+ 70. Kb3 {[%clk 0:07:25]} Qc5
{[%clk 0:07:22]} 71. Qd3 {[%clk 0:07:38]} Qa7 {[%clk 0:05:18]} 72. Kb4
{[%clk 0:06:41]} Qe7+ 73. c5 {[%clk 0:06:14]} Qe1+ {[%clk 0:06:10]} 74. Kb3
{[%clk 0:06:49]} Qe6+ {[%clk 0:05:44]} 75. Ka3 {[%clk 0:05:51]} Qe7 76. Qc3
{[%clk 0:05:11]} Qb7 {[%clk 0:04:40]} 77. b6 Qa8+ {[%clk 0:04:32]} 78. Kb4
{[%clk 0:05:31]} Qe4+ {[%clk 0:04:52]} 79. Ka5 Qd5 80. Ka6 {[%clk 0:05:30]} Qa2+
{[%clk 0:03:33]} 81. Kb7 Qe6 {[%clk 0:02:40]} 82. c6 {[%clk 0:06:11]} f6 83. c7
{[%clk 0:06:31]} Qd7 {[%clk 0:03:01]} 84. Qc6 {[%clk 0:06:50]} 1-0

[Event "Open Internacional Sant Marti 2023"]
[Site "?"]
[Date "2023.07.18"]
[Round "6.7"]
[White "Marin Posada, Sebastian"]
[Black "Cordoba Roa, Angel Gabriel"]
[Result "1/2-1/2"]
[BlackElo "2339"]
[WhiteElo "2265"]
[LiveChessVersion "1.4.8"]

1. e4 {[%clk 1:30:48]} c5 2. Nf3 {[%clk 1:30:46]} d6 {[%clk 1:29:40]} 3. d4
{[%clk 1:30:28]} cxd4 {[%clk 1:29:45]} 4. Nxd4 {[%clk 1:30:51]} Nf6 5. Nc3
{[%clk 1:31:02]} g6 {[%clk 1:26:38]} 6. f3 {[%clk 1:29:50]} Bg7 {[%clk 1:26:52]}
7. Be3 {[%clk 1:30:07]} Nc6 {[%clk 1:27:00]} 8. Qd2 {[%clk 1:29:49]} O-O 9. O-O-O
{[%clk 1:29:02]} d5 {[%clk 1:24:21]} 10. exd5 {[%clk 1:28:08]} Nxd5
{[%clk 1:24:02]} 11. Nxc6 {[%clk 1:27:57]} bxc6 {[%clk 1:24:21]} 12. Nxd5
{[%clk 1:27:18]} cxd5 {[%clk 1:20:41]} 13. Qxd5 {[%clk 1:27:32]} Qc7
{[%clk 1:15:28]} 14. Qc5 {[%clk 1:27:20]} Qb7 {[%clk 1:15:45]} 15. Qb5
{[%clk 1:26:33]} Qc7 {[%clk 1:15:45]} 16. Qc5 {[%clk 1:26:41]} Qb7
{[%clk 1:16:03]} 17. Qb5 {[%clk 1:27:05]} Qc7 {[%clk 1:16:19]} 18. Qc5
{[%clk 1:27:29]} 1/2-1/2

[Event "Open Internacional Sant Marti 2023"]
[Site "?"]
[Date "2023.07.18"]
[Round "6.8"]
[White "Chirivi C, Jenny Astrid"]
[Black "Serrano Batova, Vicent"]
[Result "1-0"]
[BlackElo "2061"]
[WhiteElo "2166"]
[LiveChessVersion "1.4.8"]

1. d4 {[%clk 1:30:53]} g6 {[%clk 1:30:59]} 2. c4 {[%clk 1:31:06]} Bg7
{[%clk 1:31:27]} 3. Nc3 {[%clk 1:31:02]} c5 4. d5 {[%clk 1:30:30]} Bxc3+
{[%clk 1:32:22]} 5. bxc3 {[%clk 1:30:53]} f5 {[%clk 1:32:50]} 6. e4
{[%clk 1:30:56]} fxe4 {[%clk 1:22:51]} 7. Ne2 d6 8. Ng3 {[%clk 1:22:15]} Nf6
{[%clk 1:22:45]} 9. h4 {[%clk 1:15:23]} Bg4 {[%clk 1:08:03]} 10. Be2 Bxe2
{[%clk 1:08:02]} 11. Qxe2 {[%clk 1:15:40]} Qa5 {[%clk 1:07:55]} 12. Bd2
{[%clk 1:11:54]} Nbd7 {[%clk 1:07:30]} 13. Nxe4 {[%clk 1:09:25]} Nxe4
{[%clk 0:56:46]} 14. Qxe4 {[%clk 0:50:36]} Qa4 {[%clk 0:53:15]} 15. O-O
{[%clk 0:22:36]} Ne5 16. f4 {[%clk 0:17:55]} Nxc4 {[%clk 0:39:47]} 17. f5
{[%clk 0:17:56]} Nb6 {[%clk 0:33:12]} 18. Qe6 {[%clk 0:17:30]} Qd7
{[%clk 0:32:16]} 19. fxg6 Qxe6 {[%clk 0:19:27]} 20. dxe6 {[%clk 0:17:54]} hxg6
{[%clk 0:19:46]} 21. Rf7 O-O-O {[%clk 0:17:46]} 22. Bg5 {[%clk 0:16:59]} Nd5
{[%clk 0:16:01]} 23. c4 {[%clk 0:16:24]} Nc7 {[%clk 0:16:16]} 24. Bxe7
{[%clk 0:15:44]} Rde8 {[%clk 0:12:10]} 25. Re1 {[%clk 0:15:18]} Rh5 26. g4
{[%clk 0:08:23]} Re5 {[%clk 0:11:42]} 27. Rxe5 {[%clk 0:08:49]} dxe5
{[%clk 0:12:11]} 28. Bxc5 {[%clk 0:08:30]} Rxe6 {[%clk 0:11:43]} 29. Bxa7 Ra6
{[%clk 0:10:34]} 30. Rf8+ {[%clk 0:08:56]} Kd7 {[%clk 0:10:18]} 31. Bb8
{[%clk 0:09:17]} Ne8 {[%clk 0:09:02]} 32. Rf7+ {[%clk 0:09:07]} Ke6
{[%clk 0:08:31]} 33. Rxb7 {[%clk 0:09:28]} Nf6 34. Rg7 {[%clk 0:07:46]} Rxa2
{[%clk 0:08:18]} 35. Rxg6 {[%clk 0:07:49]} Kf7 {[%clk 0:08:29]} 36. h5 Re2
{[%clk 0:00:37]} 37. c5 {[%clk 0:08:12]} Re4 {[%clk 0:00:39]} 38. c6
{[%clk 0:07:38]} Nd5 {[%clk 0:01:03]} 39. c7 {[%clk 0:06:43]} Rc4
{[%clk 0:01:28]} 40. Rd6 {[%clk 0:06:40]} Nxc7 {[%clk 0:00:51]} 41. Rd7+
{[%clk 0:06:59]} Kg8 {[%clk 0:00:56]} 42. Rxc7 {[%clk 0:05:13]} Rxg4+
{[%clk 0:01:24]} 43. Kf2 {[%clk 0:05:37]} Rh4 {[%clk 0:01:03]} 44. Ke3
{[%clk 0:05:04]} Rxh5 {[%clk 0:01:31]} 45. Ke4 {[%clk 0:05:24]} Rh1
{[%clk 0:01:12]} 46. Rd7 Re1+ {[%clk 0:01:13]} 47. Kf5 {[%clk 0:04:58]} e4
{[%clk 0:01:10]} 48. Bf4 e3 {[%clk 0:00:50]} 49. Kg6 {[%clk 0:04:07]} Kf8
{[%clk 0:00:35]} 50. Bg5 {[%clk 0:04:29]} 1-0